00649nam a22002057a 450000500170000001000280001702000260004503500130007103500170008403700170010103700130011808200100013110000180014124501260015925000120028526000420029727000600033930000250039950000190042420150422171143.0 aBAC-EN21 ENG-111695 a9789350354520c165.00 aEN-95227 aB-593595-626 bUBH/Venadpl bDBAD/PUB a340.1 aArora, Manish aUniversal's short essays & paragraphs on law including legal personalities for competitive examinations/cby Manish Arora a10th ed aDelhibUniversal Law Publishingc2014 aA-58, G.T. Karnal Road Industrial Area, bDelhie110033 axi, 154p.c24cm(pbk) aIncludes index